Normal view MARC view
  • The decisive battles of the western world and their influence upon history

Entry Topical Term

Number of records used in: 2

001 - CONTROL NUMBER

  • control field: 109910

003 - CONTROL NUMBER IDENTIFIER

  • control field: NUST

005 - DATE AND TIME OF LATEST TRANSACTION

  • control field: 20230307093357.0

008 - FIXED-LENGTH DATA ELEMENTS

  • fixed length control field: 230307|| aca||aabn | a|a d

040 ## - CATALOGING SOURCE

  • Original cataloging agency: NUST
  • Transcribing agency: NUST

150 ## - HEADING--TOPICAL TERM

  • Topical term or geographic name entry element: The decisive battles of the western world and their influence upon history

670 ## - SOURCE DATA FOUND

  • Source citation: Work cat.: (NUST)185366: J.F.C Fuller 49175, The decisive battles of the western world :, 1956
© 2023 Central Library, National University of Sciences and Technology. All Rights Reserved.